[Event "Montevideo Duchamp Cup 7th"]
[Site "Montevideo"]
[Date "2024.02.06"]
[Round "6"]
[White "Volpe, Agustin"]
[Black "Borgiani, Francisco"]
[Result "1-0"]
[WhiteElo "1729"]
[BlackElo "1524"]
[PlyCount "95"]
[EventDate "2024.02.01"]
[EventType "swiss"]
[EventRounds "9"]
[EventCountry "URU"]
[SourceTitle "CB07_2024"]
[SourceDate "2024.02.14"]
[SourceVersion "1"]
[SourceVersionDate "2024.02.14"]
[SourceQuality "1"]

1. d4 d5 2. Nc3 Nf6 3. Bf4 c6 4. e3 Bf5 5. f3 h5 6. Bd3 Bxd3 7. Qxd3 e6 8. Nge2 Bd6 9. Bg5 Nbd7 10. e4 dxe4 11. fxe4 Be7 12. h3 Qa5 13. e5 Nd5 14. Bxe7 Nxe7 15. 0-0-0 0-0-0 16. Kb1 Nb6 17. Qf3 Nf5 18. Ne4 Nc4 19. Qc3 Qxc3 20. bxc3 Rd5 21. Nc5 g5 22. g4 Nfe3 23. Rdg1 h4 24. Rh2 Nd2+ 25. Kc1 Nf3 26. Rf2 Nxg1 27. Nxg1 Rh7 28. Nf3 Rg7 29. Ne4 Ra5 30. Kd2 Nd5 31. Nfxg5 Kd7 32. Nxf7 Rxa2 33. Nfg5 b6 34. Rf8 Rxg5 35. Nxg5 Ra3 36. Ne4 Ra1 37. c4 Nc7 38. Nf6+ Ke7 39. Rh8 a5 40. Rc8 Na6 41. Rxc6 Nb4 42. Rxb6 Ra2 43. d5 exd5 44. cxd5 Rxc2+ 45. Kd1 Rc8 46. d6+ Kf7 47. Rb7+ Ke6 48. Re7# 1-0

[Event "Montevideo Duchamp Cup 7th"]
[Site "Montevideo"]
[Date "2024.02.05"]
[Round "5"]
[White "Avedisian, Alexander"]
[Black "Volpe, Agustin"]
[Result "1-0"]
[WhiteElo "1866"]
[BlackElo "1729"]
[PlyCount "77"]
[EventDate "2024.02.01"]
[EventType "swiss"]
[EventRounds "9"]
[EventCountry "URU"]
[SourceTitle "CB07_2024"]
[SourceDate "2024.02.14"]
[SourceVersion "1"]
[SourceVersionDate "2024.02.14"]
[SourceQuality "1"]

1. Nf3 d5 2. g3 c6 3. Bg2 Bf5 4. 0-0 e6 5. c4 Nd7 6. cxd5 exd5 7. d3 Ngf6 8. Nc3 Be7 9. Nd4 Bg6 10. e4 dxe4 11. dxe4 0-0 12. Re1 Bb4 13. Bg5 Qa5 14. f4 h6 15. Bh4 Rfe8 16. e5 Nd5 17. f5 Nxc3 18. bxc3 Bxc3 19. fxg6 fxg6 20. e6 Ne5 21. g4 Bxa1 22. Qxa1 Nxg4 23. e7 g5 24. Bg3 Qc5 25. Qd1 Nf6 26. Re5 Nd5 27. Bxd5+ cxd5 28. Bf2 Qc7 29. Qe2 Rac8 30. Nf5 Qc1+ 31. Kg2 d4 32. Qd3 Qc3 33. Kg1 Qc1+ 34. Be1 Qf4 35. Nxh6+ Kh8 36. Re4 Qf6 37. Ng4 Qf5 38. Qh3+ Kg8 39. Nh6+ 1-0

[Event "Montevideo Duchamp Cup 7th"]
[Site "Montevideo"]
[Date "2024.02.01"]
[Round "1"]
[White "Acosta, Pablo Ismael"]
[Black "Volpe, Agustin"]
[Result "0-1"]
[WhiteElo "2479"]
[BlackElo "1729"]
[PlyCount "108"]
[EventDate "2024.02.01"]
[EventType "swiss"]
[EventRounds "9"]
[EventCountry "URU"]
[SourceTitle "CB07_2024"]
[SourceDate "2024.02.14"]
[SourceVersion "1"]
[SourceVersionDate "2024.02.14"]
[SourceQuality "1"]

1. e4 c6 2. Nf3 d5 3. Nc3 Nf6 4. e5 Ne4 5. h3 Nxc3 6. dxc3 e6 7. Bd3 Nd7 8. 0-0 Be7 9. a4 0-0 10. a5 f6 11. exf6 Bxf6 12. a6 b6 13. Nd4 Ne5 14. Re1 Nxd3 15. Qxd3 Qd6 16. f4 e5 17. fxe5 Bxe5 18. Nxc6 Bh2+ 19. Kh1 Qxc6 20. Kxh2 Bf5 21. Qg3 Be4 22. Re2 Rf6 23. Be3 Rg6 24. Qh4 Rf8 25. Bd4 Qd6+ 26. Kg1 Rf4 27. Qe1 Qd7 28. Kh2 Qd6 29. g3 Rh4 30. Be3 Rxh3+ 31. Kxh3 Qe6+ 32. Kh2 Qg4 33. Rg2 Qh5+ 34. Kg1 Qh3 35. Qe2 Bxg2 36. Bf4 Be4 37. Kf2 Re6 38. Rg1 Qf5 39. c4 g5 40. cxd5 Bxd5 41. Qd2 gxf4 42. gxf4+ Rg6 43. Rxg6+ hxg6 44. b3 Qe4 45. Kg3 Qf3+ 46. Kh4 Kf7 47. c4 Be6 48. f5 Bxf5 49. Qd4 Qh3+ 50. Kg5 Qh5+ 51. Kf4 Qg4+ 52. Ke5 Qxd4+ 53. Kxd4 Ke6 54. b4 Kd6 0-1